Ochrana podnikateľských informácií
Dôvody na ochranu podnikateľských informácií. Ochranou podnikateľských informácií sa rozumie komplexná ochrana týchto nehmotných aktív podniku, či organizácie. Rozličné formy informácií vyžadujú aj rôzne metódy ochrany a vytvorenie programu ochrany informácií, čo by malo byť snahou celého bezpečnost...
Salvato in:
| Autore principale: | |
|---|---|
| Natura: | Capitolo di libro |
| Lingua: | slovacco |
| Soggetti: | |
| Tags: |
Nessun Tag, puoi essere il primo ad aggiungerne!!
|
MARC
| LEADER | 00000naa a2200000 4500 | ||
|---|---|---|---|
| 001 | r048941 | ||
| 005 | 20231002121850.6 | ||
| 041 | 0 | |a slo | |
| 044 | |a SK | ||
| 245 | 1 | 0 | |a Ochrana podnikateľských informácií |c Arnold Steve Luknič |
| 520 | |a Dôvody na ochranu podnikateľských informácií. Ochranou podnikateľských informácií sa rozumie komplexná ochrana týchto nehmotných aktív podniku, či organizácie. Rozličné formy informácií vyžadujú aj rôzne metódy ochrany a vytvorenie programu ochrany informácií, čo by malo byť snahou celého bezpečnostného tímu. Formy podnikateľských informácií. | ||
| 610 | 2 | 0 | |a ochrana informácií |
| 610 | 2 | 0 | |a informácie |
| 610 | 2 | 0 | |a podnik |
| 610 | 2 | 0 | |a podnikatelia |
| 610 | 2 | 0 | |a bezpečnosť informačná |
| 610 | 2 | 0 | |a informácie vnútropodnikové |
| 100 | 1 | |a Luknič, Arnold Steve | |